Quantum field theory in a nutshell: / (Record no. 28968)
[ view plain ]
| 000 -LEADER | |
|---|---|
| fixed length control field | 00667 a2200169 4500 |
| 020 ## - INTERNATIONAL STANDARD BOOK NUMBER | |
| International Standard Book Number | 0691140340 |
| 020 ## - INTERNATIONAL STANDARD BOOK NUMBER | |
| International Standard Book Number | 9780691140346 |
| 082 04 - DEWEY DECIMAL CLASSIFICATION NUMBER | |
| Classification number | 530.143 |
| 090 ## - LOCALLY ASSIGNED LC-TYPE CALL NUMBER (OCLC); LOCAL CALL NUMBER (RLIN) | |
| -- | 333 |
| -- | 333 |
| 100 1# - MAIN ENTRY--PERSONAL NAME | |
| Personal name | Zee, A. |
| 245 10 - TITLE STATEMENT | |
| Title | Quantum field theory in a nutshell: / |
| Statement of responsibility, etc. | A. Zee. |
| 260 ## - PUBLICATION, DISTRIBUTION, ETC. | |
| Place of publication, distribution, etc. | [S.l.] : |
| Name of publisher, distributor, etc. | Princeton University Press, |
| 300 ## - PHYSICAL DESCRIPTION | |
| Extent | 576 p. ; |
| Dimensions | 26 cm. |
| 942 ## - ADDED ENTRY ELEMENTS (KOHA) | |
| Institution code [OBSOLETE] | SNS |
| Koha item type | Book |
| Call number prefix | 530.143 ZEE |
| Withdrawn status | Lost status | Damaged status | Not for loan | Permanent Location | Current Location | Date acquired | Total Checkouts | Full call number | Barcode | Date last seen | Date last checked out | Price effective from | Koha item type | Source of classification or shelving scheme | Shelving location |
|---|---|---|---|---|---|---|---|---|---|---|---|---|---|---|---|
| School of Natural Sciences (SNS) | School of Natural Sciences (SNS) | 05/26/2016 | 1 | 530.143 ZEE | SNS0000248 | 10/01/2024 | 10/01/2024 | 05/26/2016 | Book | ||||||
| School of Natural Sciences (SNS) | School of Natural Sciences (SNS) | 10/04/2017 | 3 | 530.143 ZEE | SNS0001922 | 09/29/2021 | 09/23/2021 | 10/04/2017 | Book | Book Cart |
